Análisis de la política operativa para el ajuste de consignas de tensión de los generadores síncronos del ICE
Gardado en:
| Autor Principal: | |
|---|---|
| Formato: | Libro |
| Publicado: |
[San José, Costa Rica]
2009
|
| Materias: | |
| Etiquetas: |
Engadir etiqueta
Sen Etiquetas, Sexa o primeiro en etiquetar este rexistro!
|
MARC
| LEADER | 00000nam a2200000Ia 4500 | ||
|---|---|---|---|
| 003 | 010502 | ||
| 005 | 20221231144040.0 | ||
| 008 | 140114s2009 cr a 000 ||s d | ||
| 040 | |c cru CEDI | ||
| 090 | |a TFG 6094 | ||
| 100 | |a Peña Mora, Marco Ant. |9 3227 | ||
| 245 | |a Análisis de la política operativa para el ajuste de consignas de tensión de los generadores síncronos del ICE | ||
| 260 | |c 2009 |b [San José, Costa Rica] | ||
| 500 | |a Proyecto de graduación (bachillerato en ingeniería eléctrica)--Universidad de Costa Rica. Facultad de Ingeniería. Escuela de Ingeniería Eléctrica, 2009 IE-0502 Proyecto Eléctrico | ||
| 650 | |x DINAMOS |x REDES ELECTRICAS |x DISTRIBUCION DE ENERGIA ELECTRICA |9 3159 | ||
| 942 | |c TFG | ||
| 999 | |c 16121 |d 16121 | ||
